Statistics for My Hero Academia Quirk Quiz

Click here to take the quiz!

General Stats

  • This quiz has been taken 73 times
    (58 since last reset)
  • The average score is 35 of 100

Answer Stats

UserQuirk% Correct
Izuku Midoriya; All Might; Nana Shimura; Katsuki Bakugo (in the movie heroes rising)One For All
97%
Mina AshidoAcid
94%
All For OneAll For One
91%
Katsuki BakugoExplosion
77%
Tsuyu AsuiFrog
74%
Momo YaoyorozuCreation
69%
Hanta SeroTape
69%
Shihai KuroiroBlack
69%
ThirteenBlack Hole
69%
Shoto TodorokiHalf-Cold Half-Hot
69%
Ochaco UrarakaZero Gravity
66%
Eijiro KirishimaHardening
66%
Tenya Iida; Tensei IidaEngine
66%
Kyoka JiroEarphone Jack
66%
EndeavorHellflame
66%
Fumikage TokoyamiDark Shadow
63%
Koji KodaAnivoice
60%
Toru HagakureInvisibility
60%
Neito MonomaCopy
60%
CementossCement
57%
Mr. CompressCompress
57%
Bubble GirlBubble
57%
DabiCremation
57%
Denki KaminariElectrification
54%
Principal NezuHigh Spec
54%
TwiceDouble
54%
EriRewind
54%
Tomura ShigirakiDecay
54%
Yuga AoyamaNavel Laser
54%
Minoru MinetaPop Off
51%
Mezo ShojiDupli-Arms
51%
Gran TorinoJet
51%
Rikido SatoSugar Rush
51%
HawksFierce Wings
51%
StainBloodcurdle
49%
Himiko TogaTransform
49%
Itsuka KendoBig Fist
46%
Present MicVoice
46%
Shota Aizawa / EraserheadErasure
43%
RyukyuDragon
43%
Mashirao OjiroTail
43%
Kai Chisaki / OverhaulOverhaul
40%
Sir NighteyeForesight
40%
MandalayTelepath
37%
Mirio TogataPermeation
37%
Big Sis Mag / MagneMagnetism
37%
CentipederCentipede
37%
Mt. LadyGigantification
37%
EctoplasmClones
37%
KurogiriWarp Gate
34%
Mei HatsumeZoom
34%
Fat GumFat Absorption
31%
Vlad KingBlood Control
31%
MustardGas
31%
Hitoshi ShinsoBrainwashing
29%
SpinnerGecko
29%
Kota IzumiWater Gun
26%
MoonfishBlade Tooth
26%
Ibara ShiozakiVine
26%
Tetsutetsu Tetsutetsu (ikr)Steel
26%
RagdollSearch
26%
Jurota ShishidaBeast
23%
Recovery GirlRecovery
20%
Manga FukidashiComic
20%
Hari Kurono / ChronoChronostasis
17%
Kinoko KomoriMushroom
14%
Kamui WoodsArbor
14%
Pony TsunotoriHorn Cannon
14%
EdgeshotFoldabody
14%
SnipeHoming
14%
Kosei TsuburabaSolid Air
11%
Pixie-BobEarth Flow
11%
Juzo HonenukiSoftening
11%
Hiryu RinScales
11%
TigerPliabody
11%
Yosetsu AwaseWeld
11%
Hekiji TengaiBarrier
11%
Tamaki AmajikiManifest
11%
Best JeanistFiber Master
9%
Nirengeki ShodaTwin Impact
9%
Rock LockLock Down
9%
Yui KodaiSize
9%
Soramitsu TabeFood
9%
MidnightSomnambulist
9%
Gang OrcaOrcinus
9%
Shin NemotoConfession
9%
Sen KaibaraGyrate
9%
Yu HojoCrystallize
9%
Kojiro BondoCemedine
9%
Nejire HadoWave Motion
6%
MimicMimicry
6%
MuscularMuscle Augmentation
6%
Power LoaderIron Claws
3%
Rikiya KatsukameVitality Stealing
3%
Kendo RappaStrongarm
3%
Setsuna TokageLizard Tail Splitter
3%
Deidoro SakakiSloshed
3%
Togaru KamakiriRazor Sharp
3%
Reiko YanagiPoltergeist
3%
Toya SetsunoLarceny
3%

Score Distribution

Percentile by Number Answered

Percent of People with Each Score

Your Score History

You have not taken this quiz since the last reset